000 00851nam a2200241 i 4500
001 186074
003 SpMaBN
005 20250804010210.0
008 160906s1984 sp d |||| | spa d
020 _a84-206-0020-2
080 _a524.3
100 1 _aAsimov, Isaac.
_923610
245 1 0 _aAlpha Centauri, la estrella más próxima /
_cIsaac Asimov ; [traductor, Santiago García Conde].
260 _aMadrid :
_bAlianza Editorial,
_c[1984]
300 _a186 p. :
_bgráf. ;
_c18 cm.
490 1 _aEl libro de bolsillo ;
_v1020.
_aCiencia y técnica
650 0 7 _aEstrellas.
_912564
650 0 4 _aConstelaciones.
_911290
700 1 _aGarcía Conde, Santiago.
_954379
830 0 3 _aEl libro de bolsillo.
_pCiencia y técnica
_v1020.
_9181079
852 _aES-MaACL
_jL-30637
_z. - Donat. Miguel A. Velasco
999 _c186074
_d186074